[Event "Olsztyn op"]
[Site "Olsztyn"]
[Date "2010.05.23"]
[Round "3"]
[White "Baturo, Tomasz"]
[Black "Renkowski, Piotr"]
[Result "1/2-1/2"]
[WhiteElo "2057"]
[BlackElo "1898"]
[PlyCount "91"]
[EventDate "2010.05.22"]
[EventType "swiss"]
[EventRounds "9"]
[EventCountry "POL"]
[SourceTitle "CBM 136 Extra"]
[Source "ChessBase"]
[SourceDate "2010.07.02"]
[SourceVersion "2"]
[SourceVersionDate "2010.07.15"]
[SourceQuality "1"]

1. d4 Nf6 2. Nf3 d6 3. Nc3 Bf5 4. Bg5 Ne4 5. Nxe4 Bxe4 6. Nd2 Bc6 7. e4 h6 8. Bh4 g5 9. Bg3 Bg7 10. c3 Bd7 11. h4 g4 12. h5 a5 13. Be2 Qc8 14. Nc4 a4 15. a3 Rg8 16. Ne3 c5 17. dxc5 Qxc5 18. Rc1 Qc6 19. Qd5 Be6 20. Qxc6+ Nxc6 21. Nxg4 Bxg4 22. Bxg4 Bxc3+ 23. Rxc3 Rxg4 24. Rh4 Rxh4 25. Bxh4 Kd7 26. f3 Ra5 27. g4 Rb5 28. Bg3 Rxb2 29. Bf4 Nd4 30. Bxh6 Rb3 31. Rxb3 axb3 32. Bc1 Nxf3+ 33. Ke2 Ne5 34. h6 Ng6 35. Kd3 Ke6 36. Bb2 d5 37. exd5+ Kxd5 38. Bg7 f6 39. h7 b2 40. Kc2 Ke4 41. Kxb2 Kf4 42. h8Q Nxh8 43. Bxh8 Kxg4 44. Bg7 f5 45. Kc3 f4 46. Kd2 1/2-1/2

[Event "Ketrzyn op-A 12th"]
[Site "Ketrzyn"]
[Date "2009.12.30"]
[Round "8"]
[White "Baturo, Tomasz"]
[Black "Drozdowski, Kacper"]
[Result "0-1"]
[WhiteElo "2053"]
[BlackElo "2198"]
[PlyCount "126"]
[EventDate "2009.12.27"]
[EventType "swiss"]
[EventRounds "9"]
[EventCountry "POL"]
[SourceTitle "CBM 134 Extra"]
[Source "ChessBase"]
[SourceDate "2010.03.03"]
[SourceVersion "1"]
[SourceVersionDate "2010.03.03"]
[SourceQuality "1"]

1. e4 c5 2. c3 d5 3. exd5 Qxd5 4. d4 Nc6 5. Nf3 Bg4 6. Be2 cxd4 7. cxd4 e6 8. Nc3 Bb4 9. 0-0 Bxc3 10. bxc3 Nge7 11. Qb3 Qd7 12. Rd1 Bxf3 13. Bxf3 0-0 14. Rb1 b6 15. Ba3 Rfc8 16. Qb5 Nd5 17. Bxd5 exd5 18. Re1 Re8 19. h3 Rad8 20. Rbd1 h6 21. Rxe8+ Qxe8 22. Qa6 Qe6 23. Bc1 Re8 24. Be3 Rd8 25. Rc1 Qc8 26. Qxc8 Rxc8 27. c4 dxc4 28. Rxc4 Ne7 29. Rxc8+ Nxc8 30. Kf1 Kf8 31. Ke2 Ke7 32. Kd3 Ke6 33. Bc1 Kd5 34. Ba3 h5 35. f3 a6 36. g4 g6 37. h4 Na7 38. Bb2 Nc6 39. gxh5 gxh5 40. Ke3 Ne7 41. Kf4 f6 42. Ba1 Ng6+ 43. Kg3 f5 44. Bb2 f4+ 45. Kh3 Nf8 46. Kg2 Ne6 47. Kf2 Nxd4 48. Bc1 Ne6 49. Ke2 Kc4 50. Bb2 Nd4+ 51. Kf2 Kd3 52. Ba3 b5 53. Bd6 Ne6 54. a3 a5 55. Be7 Nd4 56. Bd6 Ne2 57. Be7 Nc3 58. Bd6 Nd5 59. Bc5 b4 60. axb4 axb4 61. Ke1 b3 62. Ba3 Ne3 63. Bc1 Nc4 0-1

[Event "Ketrzyn op-A 12th"]
[Site "Ketrzyn"]
[Date "2009.12.28"]
[Round "4"]
[White "Baturo, Tomasz"]
[Black "Zielinski, Stanislaw"]
[Result "0-1"]
[WhiteElo "2053"]
[BlackElo "2159"]
[PlyCount "70"]
[EventDate "2009.12.27"]
[EventType "swiss"]
[EventRounds "9"]
[EventCountry "POL"]
[SourceTitle "CBM 134 Extra"]
[Source "ChessBase"]
[SourceDate "2010.03.03"]
[SourceVersion "1"]
[SourceVersionDate "2010.03.03"]
[SourceQuality "1"]

1. d4 Nf6 2. Nf3 g6 3. c4 Bg7 4. Nc3 0-0 5. e4 d6 6. Be2 e5 7. d5 a5 8. 0-0 Na6 9. Ne1 Nc5 10. Qc2 Ne8 11. Nd3 Bd7 12. Rb1 f5 13. f3 f4 14. b4 axb4 15. Rxb4 b6 16. Nxc5 dxc5 17. Rb2 g5 18. Nb5 h5 19. Bd2 g4 20. Ra1 Kh7 21. a4 Rg8 22. a5 Bh6 23. Bc3 Qh4 24. fxg4 hxg4 25. Bxe5 g3 26. h3 Bxh3 27. Bf3 Bg4 28. Bxg4 Rxg4 29. Qd1 Bg7 30. Bxg7 Rxg7 31. Rba2 Nf6 32. Qf3 Ng4 33. Ra3 Ne5 34. Qc3 Qh2+ 35. Kf1 f3 0-1

[Event "Ketrzyn op-A 12th"]
[Site "Ketrzyn"]
[Date "2009.12.27"]
[Round "2"]
[White "Baturo, Tomasz"]
[Black "Barsciauskas, Gintautas"]
[Result "1-0"]
[WhiteElo "2053"]
[BlackElo "1904"]
[PlyCount "53"]
[EventDate "2009.12.27"]
[EventType "swiss"]
[EventRounds "9"]
[EventCountry "POL"]
[SourceTitle "CBM 134 Extra"]
[Source "ChessBase"]
[SourceDate "2010.03.03"]
[SourceVersion "1"]
[SourceVersionDate "2010.03.03"]
[SourceQuality "1"]

1. e4 d6 2. d4 Nd7 3. Nf3 e5 4. dxe5 dxe5 5. Bc4 c6 6. c3 Be7 7. b4 Ngf6 8. Ng5 0-0 9. Qb3 Qe8 10. Nd2 b5 11. Bd3 Nb6 12. Nf1 h6 13. Nf3 Be6 14. Qc2 Nfd7 15. Ng3 Nc4 16. Bxc4 Bxc4 17. Nf5 Bf6 18. h4 Qe6 19. g4 Rfd8 20. g5 hxg5 21. hxg5 Be7 22. N3h4 Nf8 23. f3 Qd7 24. Be3 g6 25. Qh2 Ne6 26. Nxg6 fxg6 27. Qh8+ 1-0

[Event "Ketrzyn op-A 12th"]
[Site "Ketrzyn"]
[Date "2009.12.27"]
[Round "1"]
[White "Dambrauskas, Virginijus A"]
[Black "Baturo, Tomasz"]
[Result "1-0"]
[WhiteElo "2364"]
[BlackElo "2053"]
[PlyCount "117"]
[EventDate "2009.12.27"]
[EventType "swiss"]
[EventRounds "9"]
[EventCountry "POL"]
[SourceTitle "CBM 134 Extra"]
[Source "ChessBase"]
[SourceDate "2010.03.03"]
[SourceVersion "1"]
[SourceVersionDate "2010.03.03"]
[SourceQuality "1"]

1. d4 Nf6 2. c4 e6 3. Nf3 Bb4+ 4. Bd2 Bxd2+ 5. Qxd2 d6 6. Nc3 Qe7 7. g3 Nc6 8. Bg2 0-0 9. 0-0 e5 10. d5 Nb8 11. b4 a5 12. a3 axb4 13. axb4 Rxa1 14. Rxa1 Na6 15. Qb2 h6 16. Nd2 Nd7 17. e4 Nb6 18. Nd1 c6 19. Ne3 Qc7 20. Rb1 cxd5 21. cxd5 Na4 22. Qb3 Nc3 23. Re1 Bd7 24. Bf1 Nb5 25. Nf3 Qc3 26. Qxc3 Nxc3 27. Nc4 Bg4 28. Nfd2 Rd8 29. Na5 Nxb4 30. Nxb7 Rd7 31. Na5 Ra7 32. Nac4 Ra2 33. f3 Bd7 34. Rc1 Nb5 35. Rb1 Nc2 36. Rb2 Rxb2 37. Nxb2 Kf8 38. Nbc4 Ke7 39. Nb6 Nbd4 40. Nxd7 Kxd7 41. Kf2 g6 42. f4 exf4 43. gxf4 f6 44. Bh3+ Ke7 45. Nc4 Nb4 46. Ke3 Nb5 47. Nb6 Kd8 48. Bf1 Nc3 49. Kd4 Nd1 50. Nc4 Ke7 51. Be2 Nf2 52. Ke3 Nh3 53. Bf1 Nxf4 54. Kxf4 Nc2 55. Bd3 Nd4 56. Na5 f5 57. exf5 Nxf5 58. Bxf5 gxf5 59. Kxf5 1-0

[Event "Rewal op-A 14th"]
[Site "Rewal"]
[Date "2009.08.24"]
[Round "4"]
[White "Baumann, Dariusz"]
[Black "Baturo, Tomasz"]
[Result "1-0"]
[WhiteElo "2106"]
[BlackElo "2079"]
[PlyCount "119"]
[EventDate "2009.08.19"]
[EventType "swiss"]
[EventRounds "9"]
[EventCountry "POL"]
[SourceTitle "CBM 131 Extra"]
[Source "ChessBase"]
[SourceDate "2009.09.03"]
[SourceVersion "2"]
[SourceVersionDate "2009.09.16"]
[SourceQuality "1"]

1. d4 d5 2. c4 e6 3. Nf3 c6 4. e3 Nf6 5. b3 Nbd7 6. Bd3 Bd6 7. Bb2 0-0 8. 0-0 Re8 9. Ne5 c5 10. f4 cxd4 11. exd4 dxc4 12. Nxc4 Be7 13. Nbd2 Nb6 14. Ne5 Nbd5 15. Qf3 Nb4 16. Bb1 a5 17. a3 Nbd5 18. Qh3 Bf8 19. Ne4 Nxe4 20. Bxe4 Nf6 21. Bf3 Qb6 22. Be2 Bd7 23. Nc4 Qa7 24. Ne5 Rac8 25. Bd3 g6 26. Kh1 Bg7 27. Rae1 Qb6 28. d5 Qxb3 29. Bxg6 Qxh3 30. Bxf7+ Kf8 31. gxh3 Re7 32. dxe6 Bxe6 33. Bxe6 Rxe6 34. Ng4 Rxe1 35. Rxe1 Nxg4 36. Bxg7+ Kxg7 37. hxg4 Kf6 38. Rb1 Rb8 39. Rb6+ Ke7 40. Kg2 Kd7 41. Kf3 Kc7 42. Rb5 b6 43. h4 Kc6 44. a4 Rd8 45. Ke4 Rd1 46. Rb2 Ra1 47. Rc2+ Kd6 48. Rc4 Rb1 49. g5 Rh1 50. Kf5 Rxh4 51. Re4 Kd5 52. Re1 Kc4 53. Ke5 b5 54. axb5 Kxb5 55. f5 Rc4 56. f6 Rc7 57. Ke6 a4 58. f7 Rc8 59. Ke7 Rc7+ 60. Kf6 1-0

[Event "Rewal op-A 14th"]
[Site "Rewal"]
[Date "2009.08.22"]
[Round "3"]
[White "Baturo, Tomasz"]
[Black "Knap, Jerzy"]
[Result "1/2-1/2"]
[WhiteElo "2079"]
[BlackElo "1967"]
[PlyCount "84"]
[EventDate "2009.08.19"]
[EventType "swiss"]
[EventRounds "9"]
[EventCountry "POL"]
[SourceTitle "CBM 131 Extra"]
[Source "ChessBase"]
[SourceDate "2009.09.03"]
[SourceVersion "2"]
[SourceVersionDate "2009.09.16"]
[SourceQuality "1"]

1. d4 d5 2. Nf3 Nf6 3. c4 e6 4. Nc3 Be7 5. g3 c6 6. Qd3 dxc4 7. Qxc4 Nbd7 8. Bg2 0-0 9. 0-0 Re8 10. e4 Nf8 11. Rd1 Qa5 12. a3 Bd7 13. b4 Qh5 14. h3 h6 15. Ne5 Ng6 16. Nf3 a5 17. g4 Nxg4 18. hxg4 Qxg4 19. Ne5 Nxe5 20. dxe5 axb4 21. Rxd7 bxc3 22. Qxc3 Rad8 23. f3 Qg3 24. Rxd8 Rxd8 25. Be3 Bh4 26. Rf1 Qg6 27. Bf2 Bg5 28. Be3 Bh4 29. Bb6 Rd7 30. f4 Qg4 31. Qf3 Qxf3 32. Rxf3 Rd1+ 33. Kh2 Be7 34. Bc7 Bc5 35. f5 Rd7 36. Ba5 exf5 37. exf5 Rd5 38. Bc7 Rd7 39. Bb8 Rd8 40. Bc7 Rd7 41. Ba5 Rd5 42. Bc7 Rd7 1/2-1/2

[Event "Olsztyn Vacation-A"]
[Site "Olsztyn"]
[Date "2009.02.02"]
[Round "3.1"]
[White "Baturo, Tomasz"]
[Black "Kanarkiewicz, Michal"]
[Result "1-0"]
[WhiteElo "2099"]
[BlackElo "1775"]
[PlyCount "61"]
[EventDate "2009.02.02"]
[EventType "swiss"]
[EventRounds "9"]
[EventCountry "POL"]
[SourceTitle "EXT 2023"]
[Source "ChessBase"]
[SourceDate "2022.10.05"]
[SourceVersion "1"]
[SourceVersionDate "2022.10.05"]
[SourceQuality "1"]

1. e4 c5 2. Nf3 d6 3. d4 cxd4 4. Nxd4 Nf6 5. Nc3 a6 6. Be2 e5 7. Nb3 Be6 8. 0-0 Be7 9. f4 Qc7 10. f5 Bc4 11. Be3 Nbd7 12. Nd2 Bxe2 13. Qxe2 b5 14. a3 Nb6 15. Kh1 Rc8 16. Rad1 Nc4 17. Nxc4 Qxc4 18. Qf3 a5 19. Bg5 Qc6 20. Rf2 b4 21. axb4 axb4 22. Bxf6 gxf6 23. Nd5 Qc5 24. Rfd2 Bd8 25. Qg3 Kf8 26. Qh4 b3 27. Qh6+ Ke8 28. c3 Rg8 29. Nxf6+ Bxf6 30. Qxf6 Rg4 31. Rxd6 1-0

[Event "Olsztyn Vacation-A"]
[Site "Olsztyn"]
[Date "2009.02.02"]
[Round "4.1"]
[White "Stempka, Jerzy"]
[Black "Baturo, Tomasz"]
[Result "0-1"]
[WhiteElo "1719"]
[BlackElo "2099"]
[PlyCount "93"]
[EventDate "2009.02.02"]
[EventType "swiss"]
[EventRounds "9"]
[EventCountry "POL"]
[SourceTitle "EXT 2023"]
[Source "ChessBase"]
[SourceDate "2022.10.05"]
[SourceVersion "1"]
[SourceVersionDate "2022.10.05"]
[SourceQuality "1"]

1. d4 Nf6 2. c4 e6 3. Nc3 d5 4. e3 Nbd7 5. Nf3 a6 6. c5 c6 7. b4 Qc7 8. Bb2 g6 9. Rc1 Bg7 10. Bd3 0-0 11. a4 e5 12. dxe5 Nxe5 13. Be2 Nxf3+ 14. Bxf3 Nd7 15. 0-0 Ne5 16. Be2 Qe7 17. Kh1 Qh4 18. b5 Ng4 19. Bxg4 Bxg4 20. Qe1 Bf5 21. f3 Qb4 22. Qd2 axb5 23. e4 dxe4 24. fxe4 Be6 25. axb5 cxb5 26. Rf2 Rfd8 27. Qf4 Qb3 28. e5 Bf5 29. g4 Bd3 30. Re1 b4 31. Ne4 Qd5 32. Kg1 Bxe4 33. Rxe4 Qe6 34. Rxb4 Rd1+ 35. Kg2 Rd7 36. Rb6 Qd5+ 37. Qf3 Qxf3+ 38. Kxf3 Rc8 39. Rc2 Rdc7 40. Bd4 Rd8 41. Ke4 Rcd7 42. Rc4 Re8 43. Rcb4 f6 44. e6 f5+ 45. gxf5 gxf5+ 46. Ke3 f4+ 47. Ke4 0-1

[Event "Rewal op-A 13th"]
[Site "Rewal"]
[Date "2008.08.26"]
[Round "6"]
[White "Baturo, Tomasz"]
[Black "Palosz, Andrzej"]
[Result "1/2-1/2"]
[WhiteElo "2059"]
[BlackElo "2148"]
[PlyCount "75"]
[EventDate "2008.08.20"]
[EventType "swiss"]
[EventRounds "9"]
[EventCountry "POL"]
[SourceTitle "CBM 126 Extra"]
[Source "ChessBase"]
[SourceDate "2008.11.05"]
[SourceVersion "1"]
[SourceVersionDate "2008.11.05"]
[SourceQuality "1"]

1. e4 c5 2. Nf3 Nc6 3. d4 cxd4 4. Nxd4 g6 5. Nc3 Bg7 6. Nde2 d6 7. g3 Bg4 8. Bg2 Nd4 9. Qd3 Nxe2 10. Nxe2 Qb6 11. c3 Nf6 12. 0-0 Rc8 13. a4 a5 14. Nd4 Nd7 15. h3 Nc5 16. Qb1 Bd7 17. Be3 e5 18. Ne2 Qb3 19. Bxc5 dxc5 20. Ra3 Qe6 21. b3 c4 22. b4 0-0 23. Rd1 Rfd8 24. Rd5 axb4 25. cxb4 Bc6 26. Rxd8+ Rxd8 27. b5 Qd6 28. Rc3 Qd1+ 29. Qxd1 Rxd1+ 30. Kh2 Bd7 31. Rxc4 Rd2 32. Bf3 Bf8 33. Kg2 b6 34. Rc7 Bc5 35. a5 Bxb5 36. axb6 Bxb6 37. Rb7 Bxe2 38. Rxb6 1/2-1/2

[Event "Rewal op-A 13th"]
[Site "Rewal"]
[Date "2008.08.20"]
[Round "1"]
[White "Wieczorek, Zbigniew"]
[Black "Baturo, Tomasz"]
[Result "0-1"]
[WhiteElo "2317"]
[BlackElo "2059"]
[PlyCount "58"]
[EventDate "2008.08.20"]
[EventType "swiss"]
[EventRounds "9"]
[EventCountry "POL"]
[SourceTitle "CBM 126 Extra"]
[Source "ChessBase"]
[SourceDate "2008.11.05"]
[SourceVersion "1"]
[SourceVersionDate "2008.11.05"]
[SourceQuality "1"]

1. e4 c5 2. Nf3 Nc6 3. Bb5 g6 4. Bxc6 bxc6 5. 0-0 Bg7 6. d3 d6 7. e5 Nh6 8. exd6 exd6 9. Re1+ Be6 10. Ng5 0-0 11. Nxe6 fxe6 12. Bxh6 Bxh6 13. Rxe6 Rb8 14. Na3 Bg7 15. c3 Rxb2 16. Qe1 Rbxf2 17. Nc4 Qg5 18. Ne3 Qf4 19. Re4 Qf7 20. Ng4 Rb2 21. h3 h5 22. Ne3 d5 23. Ra4 Bh6 24. Nd1 Rd2 25. d4 c4 26. Rb1 Re8 27. Qf1 Qe7 28. Rb2 Rf8 29. Qxf8+ Kxf8 0-1

[Event "Ostroda op"]
[Site "Ostroda"]
[Date "2008.08.07"]
[Round "6"]
[White "Baturo, Tomasz"]
[Black "Musialkiewicz, Jan"]
[Result "1-0"]
[WhiteElo "2059"]
[BlackElo "2061"]
[PlyCount "77"]
[EventDate "2008.08.04"]
[EventType "swiss"]
[EventRounds "9"]
[EventCountry "POL"]
[SourceTitle "CBM 126 Extra"]
[Source "ChessBase"]
[SourceDate "2008.11.05"]
[SourceVersion "1"]
[SourceVersionDate "2008.11.05"]
[SourceQuality "1"]

1. d4 d5 2. Nc3 Nf6 3. Bg5 h6 4. Bxf6 exf6 5. e3 Be7 6. Bd3 0-0 7. Nge2 b6 8. Nf4 c6 9. Qe2 Bb4 10. 0-0 Re8 11. a3 Bxc3 12. bxc3 Nd7 13. c4 dxc4 14. Bxc4 b5 15. Bd3 a6 16. Qf3 Qc7 17. Rfc1 Bb7 18. Qg4 Kh8 19. c4 Qd6 20. c5 Qe7 21. h4 Nf8 22. Nh5 g6 23. Ng3 f5 24. Qf4 Kg7 25. Bxf5 Qf6 26. Bh3 Qxf4 27. exf4 f5 28. h5 Bc8 29. hxg6 Kxg6 30. Re1 Bd7 31. Re5 Rxe5 32. dxe5 a5 33. Kh2 Rb8 34. Rd1 b4 35. axb4 axb4 36. Rd6+ Kg7 37. Nxf5+ Bxf5 38. Bxf5 b3 39. Rxc6 1-0

[Event "Ostroda op"]
[Site "Ostroda"]
[Date "2008.08.04"]
[Round "1"]
[White "Baturo, Tomasz"]
[Black "Nester, Ihor"]
[Result "0-1"]
[WhiteElo "2059"]
[BlackElo "2385"]
[PlyCount "82"]
[EventDate "2008.08.04"]
[EventType "swiss"]
[EventRounds "9"]
[EventCountry "POL"]
[SourceTitle "CBM 126 Extra"]
[Source "ChessBase"]
[SourceDate "2008.11.05"]
[SourceVersion "1"]
[SourceVersionDate "2008.11.05"]
[SourceQuality "1"]

1. e4 e5 2. Nf3 Nc6 3. Bc4 Nf6 4. Ng5 d5 5. exd5 Na5 6. d3 h6 7. Nf3 e4 8. Qe2 Nxc4 9. dxc4 Bc5 10. Nfd2 0-0 11. 0-0 Bg4 12. Qe1 Re8 13. Nb3 Bd6 14. c5 Bf8 15. c4 Nd7 16. Be3 Ne5 17. Qc3 Be2 18. N1d2 Bxf1 19. Rxf1 Qh4 20. Qd4 b6 21. cxb6 axb6 22. f4 Ng4 23. h3 Nf6 24. Kh2 Ng4+ 25. Kg1 Nxe3 26. Qxe3 Qf6 27. Nd4 Bc5 28. N2b3 Ra4 29. Rc1 Bxd4 30. Nxd4 b5 31. Nxb5 Qxb2 32. Rc3 Qxa2 33. Nxc7 Rc8 34. d6 Rxc4 35. Rxc4 Qxc4 36. Qd2 Rd8 37. Kh2 Qc6 38. Qa5 Qxd6 39. Qe5 Qxe5 40. fxe5 Rc8 41. Na6 Re8 0-1

[Event "Chojnice op-A 4th"]
[Site "Chojnice"]
[Date "2008.07.12"]
[Round "1"]
[White "Myc, Marcin"]
[Black "Baturo, Tomasz"]
[Result "1-0"]
[WhiteElo "2312"]
[BlackElo "2059"]
[PlyCount "73"]
[EventDate "2008.07.12"]
[EventType "swiss"]
[EventRounds "9"]
[EventCountry "POL"]
[SourceTitle "EXT 2018"]
[Source "ChessBase"]
[SourceDate "2017.10.13"]
[SourceVersion "1"]
[SourceVersionDate "2017.10.13"]
[SourceQuality "1"]

1. Nf3 d5 2. c4 e6 3. b3 Nf6 4. Bb2 Be7 5. g3 0-0 6. Bg2 c5 7. 0-0 Nc6 8. e3 Qb6 9. Na3 Rd8 10. Qe2 a6 11. Rfd1 d4 12. exd4 cxd4 13. d3 Qa5 14. Nc2 e5 15. a3 Qc7 16. Re1 Re8 17. b4 Bd6 18. c5 Bf8 19. a4 Bg4 20. h3 Bh5 21. Qd2 a5 22. b5 Nb4 23. Nxb4 axb4 24. Qxb4 Bxc5 25. Qb3 Rac8 26. a5 Nd7 27. Nd2 Bf8 28. b6 Qb8 29. Ne4 Bg6 30. Qd5 Bxe4 31. Qxe4 Nc5 32. Qf3 Bd6 33. Ba3 Nb3 34. Ra2 Bxa3 35. Rxa3 Nc5 36. Qd5 Red8 37. Qa2 1-0

[Event "Olsztyn-ch"]
[Site "Olsztyn"]
[Date "2008.04.27"]
[Round "8.6"]
[White "Baturo, Tomasz"]
[Black "Hekman, Dominik"]
[Result "1-0"]
[WhiteElo "2076"]
[BlackElo "1667"]
[PlyCount "119"]
[EventDate "2008.04.19"]
[EventType "swiss"]
[EventRounds "9"]
[EventCountry "POL"]
[SourceTitle "EXT 2023"]
[Source "ChessBase"]
[SourceDate "2022.10.05"]
[SourceVersion "1"]
[SourceVersionDate "2022.10.05"]
[SourceQuality "1"]

1. e4 c5 2. Nf3 Nc6 3. d4 cxd4 4. Nxd4 e5 5. Nb3 Nf6 6. Nc3 Bb4 7. Bd3 0-0 8. Bg5 Be7 9. Qd2 a6 10. Be2 h6 11. Be3 b5 12. a3 d6 13. h3 Be6 14. Rd1 Qc7 15. Nd5 Bxd5 16. exd5 Nd8 17. 0-0 Nb7 18. f4 Nd7 19. f5 Rac8 20. c3 Kh7 21. Bd3 Nf6 22. Qf2 Bd8 23. Kh2 Kh8 24. Be2 Nd7 25. Qf3 Nbc5 26. Nxc5 Nxc5 27. f6 Bxf6 28. Bxh6 Qe7 29. Qh5 Kg8 30. b4 Nd7 31. Qg4 Rxc3 32. Bd3 Rc7 33. Qe4 g6 34. Bxf8 Kxf8 35. Rc1 Rxc1 36. Rxc1 Kg7 37. Be2 Bh4 38. Rc7 Qg5 39. Qg4 Nf6 40. Qxg5 Bxg5 41. Rc6 Ne4 42. g3 Be7 43. Bd3 Nf6 44. Rxa6 Nxd5 45. Bxb5 Nc3 46. Bf1 d5 47. b5 e4 48. b6 Bd6 49. b7 Bb8 50. Ra8 Be5 51. b8Q Bxb8 52. Rxb8 e3 53. Rd8 Kf6 54. Kg2 Ke7 55. Rc8 d4 56. Rc4 e2 57. Bxe2 Nxe2 58. Kf2 Nc3 59. Rxd4 Nb5 60. Rd3 1-0

[Event "POL-ch U18"]
[Site "Leba"]
[Date "2008.04.05"]
[Round "10"]
[White "Baturo, Tomasz"]
[Black "Dudys, Jakub"]
[Result "0-1"]
[WhiteElo "2112"]
[BlackElo "2152"]
[PlyCount "60"]
[EventDate "2008.03.29"]
[EventType "swiss"]
[EventRounds "11"]
[EventCountry "POL"]
[SourceTitle "CBM 123 Extra"]
[Source "ChessBase"]
[SourceDate "2008.05.06"]
[SourceVersion "1"]
[SourceVersionDate "2008.05.06"]
[SourceQuality "1"]

1. e4 c5 2. Nf3 e6 3. d4 cxd4 4. Nxd4 a6 5. Bd3 g6 6. Nd2 Bg7 7. N2b3 d6 8. Be3 Nf6 9. Qe2 Nbd7 10. f4 Qc7 11. 0-0-0 b5 12. Kb1 Bb7 13. Bd2 0-0 14. f5 e5 15. Nf3 gxf5 16. Ng5 h6 17. h4 hxg5 18. hxg5 Nxe4 19. Qh5 Rfc8 20. g6 Ndf6 21. gxf7+ Qxf7 22. Qh4 Nxd2+ 23. Nxd2 e4 24. Be2 Bd5 25. Nb3 Bxb3 26. axb3 Rc5 27. Qf4 Nd5 28. Qxd6 Qf6 29. Qxf6 Bxf6 30. c4 Nf4 0-1

[Event "POL-ch U18"]
[Site "Leba"]
[Date "2008.04.03"]
[Round "8"]
[White "Baturo, Tomasz"]
[Black "Kopczynski, Michal"]
[Result "1-0"]
[WhiteElo "2112"]
[BlackElo "2226"]
[PlyCount "107"]
[EventDate "2008.03.29"]
[EventType "swiss"]
[EventRounds "11"]
[EventCountry "POL"]
[SourceTitle "CBM 123 Extra"]
[Source "ChessBase"]
[SourceDate "2008.05.06"]
[SourceVersion "1"]
[SourceVersionDate "2008.05.06"]
[SourceQuality "1"]

1. e4 c5 2. Nf3 d6 3. d4 cxd4 4. Nxd4 Nf6 5. Nc3 g6 6. g3 Bg7 7. Bg2 0-0 8. h3 Nc6 9. Nde2 Bd7 10. 0-0 Ne5 11. Nd5 Nxd5 12. exd5 b5 13. Nd4 Qb6 14. c3 b4 15. cxb4 Bxh3 16. Bxh3 Qxd4 17. Qxd4 Nf3+ 18. Kg2 Nxd4 19. Bd2 f5 20. Bc3 Rac8 21. Rad1 Rc4 22. Rfe1 Kf7 23. Kh1 Nb5 24. Bxg7 Kxg7 25. Rxe7+ Rf7 26. Re6 Rxb4 27. Rd2 Rd7 28. a3 Rd4 29. Rxd4 Nxd4 30. Re3 Kf6 31. Rd3 Nb5 32. Bf1 Rc7 33. Rd2 Rc1 34. Kg2 Nc7 35. b3 Ke5 36. Bc4 Re1 37. f3 g5 38. Kf2 Ra1 39. a4 a5 40. Re2+ Kf6 41. Rd2 f4 42. gxf4 gxf4 43. Kg2 Re1 44. Rd4 Ke5 45. Rd2 Re3 46. Kf2 Ne8 47. Rd1 Ng7 48. Rg1 Nf5 49. Rg5 Rc3 50. Kg2 h6 51. Rh5 Rc2+ 52. Kf1 Kf6 53. Rxf5+ Kxf5 54. Bd3+ 1-0

[Event "POL-ch U18"]
[Site "Leba"]
[Date "2008.04.02"]
[Round "6"]
[White "Baturo, Tomasz"]
[Black "Zakrzewski, Marek"]
[Result "1/2-1/2"]
[WhiteElo "2112"]
[BlackElo "1925"]
[PlyCount "60"]
[EventDate "2008.03.29"]
[EventType "swiss"]
[EventRounds "11"]
[EventCountry "POL"]
[SourceTitle "CBM 123 Extra"]
[Source "ChessBase"]
[SourceDate "2008.05.06"]
[SourceVersion "1"]
[SourceVersionDate "2008.05.06"]
[SourceQuality "1"]

1. e4 c5 2. Nf3 Nc6 3. d4 cxd4 4. Nxd4 e6 5. c4 Qc7 6. Nc3 Nf6 7. Be2 a6 8. Be3 Bb4 9. f3 d5 10. exd5 exd5 11. 0-0 dxc4 12. Bxc4 0-0 13. Nxc6 Qxc6 14. Qd4 Re8 15. Bf2 Bf8 16. Nd5 Be6 17. Nxf6+ gxf6 18. Rac1 Rac8 19. Bxe6 Qxe6 20. b3 Red8 21. Qh4 Rxc1 22. Rxc1 Rd2 23. Bd4 h6 24. Qxf6 Qxf6 25. Bxf6 Kh7 26. a4 b5 27. axb5 axb5 28. h4 Kg6 29. Be5 Kf5 30. Bg3 Rb2 1/2-1/2

[Event "POL-ch U18"]
[Site "Leba"]
[Date "2008.04.02"]
[Round "7"]
[White "Plichta, Kamil"]
[Black "Baturo, Tomasz"]
[Result "0-1"]
[WhiteElo "2045"]
[BlackElo "2112"]
[PlyCount "107"]
[EventDate "2008.03.29"]
[EventType "swiss"]
[EventRounds "11"]
[EventCountry "POL"]
[SourceTitle "CBM 123 Extra"]
[Source "ChessBase"]
[SourceDate "2008.05.06"]
[SourceVersion "1"]
[SourceVersionDate "2008.05.06"]
[SourceQuality "1"]

1. b3 Nf6 2. Bb2 g6 3. e4 d6 4. f4 Bg7 5. Nf3 0-0 6. e5 Ne8 7. Be2 c5 8. 0-0 Nc6 9. Qe1 dxe5 10. fxe5 Nc7 11. Qg3 Nd4 12. Nxd4 cxd4 13. c3 Ne6 14. Bc4 dxc3 15. Bxc3 b5 16. Be2 b4 17. Bb2 Nd4 18. Bd1 Bb7 19. d3 Qd5 20. Re1 Rad8 21. Nd2 Nf5 22. Qf2 Qxd3 23. Nc4 Qd5 24. Bc2 e6 25. Be4 Qb5 26. Qxa7 Bxe4 27. Rxe4 Rd7 28. Qf2 h5 29. Rf1 Rfd8 30. Kh1 Rd1 31. Ree1 Rxe1 32. Rxe1 Qd5 33. Rf1 h4 34. Ne3 Nxe3 35. Qxe3 Qd2 36. Qb6 Rd7 37. Qa6 Qd3 38. Qc8+ Rd8 39. Qc1 h3 40. gxh3 Qxh3 41. Qe1 Rd2 42. Rf2 Rxf2 43. Qxf2 Qd3 44. Qe1 Bh6 45. Kg2 Be3 46. Qf1 Qc2+ 47. Kf3 Qxb2 48. Kxe3 Qxe5+ 49. Kd2 Qxh2+ 50. Kd1 Qxa2 51. Qc4 Qa1+ 52. Ke2 Qb2+ 53. Kf1 Qc3 54. Qh4 0-1

[Event "Warsaw AIG Life rapid 7th"]
[Site "Warsaw"]
[Date "2007.12.15"]
[Round "2"]
[White "Jakubowski, Krzysztof"]
[Black "Baturo, Tomasz"]
[Result "1-0"]
[WhiteElo "2458"]
[BlackElo "2080"]
[PlyCount "25"]
[EventDate "2007.12.15"]
[EventType "swiss (rapid)"]
[EventRounds "13"]
[EventCountry "POL"]
[SourceTitle "CBM 121 Extra"]
[Source "ChessBase"]
[SourceDate "2008.01.10"]
[SourceVersion "1"]
[SourceVersionDate "2008.01.10"]
[SourceQuality "1"]

1. e4 c5 2. Nf3 Nc6 3. d4 cxd4 4. Nxd4 Nf6 5. Nc3 e5 6. Ndb5 d6 7. Bg5 a6 8. Na3 Be6 9. Nc4 Rc8 10. Ne3 Qb6 11. Rb1 Nxe4 12. Nxe4 h6 13. Bh4 1-0

[Event "POL-sf U17 MA+WM"]
[Site "Besia"]
[Date "2007.10.26"]
[Round "11.1"]
[White "Dobrowolski, Marcin"]
[Black "Baturo, Tomasz"]
[Result "1/2-1/2"]
[WhiteElo "1907"]
[BlackElo "2080"]
[PlyCount "26"]
[EventDate "2007.10.21"]
[EventType "tourn"]
[EventRounds "10"]
[EventCountry "POL"]
[SourceTitle "EXT 2023"]
[Source "ChessBase"]
[SourceDate "2022.10.05"]
[SourceVersion "1"]
[SourceVersionDate "2022.10.05"]
[SourceQuality "1"]

1. Nf3 Nf6 2. d4 e6 3. c4 d5 4. Nc3 c6 5. e3 Nbd7 6. Bd3 dxc4 7. Bxc4 b5 8. Bd3 a6 9. e4 c5 10. e5 Nd5 11. dxc5 Nxc5 12. Be4 Nxe4 13. Nxe4 Be7 1/2-1/2